[Event "Sampa Chess Open 2024"]
[Site "Sao Paulo"]
[Date "2024.02.01"]
[Round "5.3"]
[White "Cunha, Lucas Aguiar"]
[Black "Santiago, Yago De Moura"]
[Result "1/2-1/2"]
[WhiteElo "2230"]
[BlackElo "2467"]
[PlyCount "120"]
[EventDate "2024.01.29"]
[EventRounds "9"]
[EventCountry "BRA"]

1. e4 e6 2. d4 d5 3. exd5 exd5 4. Nf3 Nc6 5. Bd3 Bd6 6. Qe2+ ({RR} 6. Nc3 Nge7
7. h3 a6 8. a3 h6 9. Be3 Be6 10. Qd2 Ng6 11. Ne2 Nh4 12. Nxh4 Qxh4 13. O-O-O
O-O-O 14. g4 Qe7 15. Kb1 h5 16. f3 Rde8 17. Bf4 Bxf4 18. Qxf4 g5 19. Qg3 Qf6
20. c3 Rh6 {Gaehler,M (2323)-Baklan,V (2612) Deizisau 2012 0-1 (47)}) 6... Nge7
7. O-O Bg4 8. c3 $146 ({RR} 8. h3 Nxd4 9. Qe3 Nxf3+ 10. Kh1 Nh2 11. Re1 Be6 12.
g3 Qd7 13. Kxh2 Bxh3 14. Qg5 O-O-O 15. Nc3 c6 16. Bf4 Bxf4 17. Qxf4 Ng6 18. Qg5
Be6 19. Ne2 h6 20. Qe3 d4 21. Qd2 Ne5 22. Be4 Bf5 {Echavarria Hidalgo,F (1799)
-Wagenaar,H (1929) Shrivenham 2016 0-1 (62)}) 8... Qd7 9. h3 Bf5 10. Nbd2 O-O
11. Nh4 Bxd3 12. Qxd3 g5 13. Nhf3 f6 14. Re1 Kh8 15. Nf1 g4 16. hxg4 Qxg4 17.
N3h2 Qg7 18. Qh3 Rg8 19. Bh6 Qf7 20. Re3 Rg6 21. Rf3 Rag8 22. Ne3 Nd8 23. Bf4
Bxf4 24. Rxf4 Ne6 25. Rh4 Rg5 26. Nhg4 R8g7 27. Nh6 Qg6 28. Qf3 f5 29. Re1 c6
30. g3 f4 31. Neg4 fxg3 32. fxg3 Nf5 33. Nxf5 Rxf5 34. Qe3 Ng5 35. Ne5 Qe8 36.
Kg2 Ne4 37. Reh1 Rf2+ 38. Kg1 Rxb2 39. R1h3 Rb1+ 40. Kg2 Rb2+ 41. Kg1 Qe6 42.
Qf4 Rb1+ 43. Kg2 Rb2+ 44. Kg1 Rf2 45. Rh6 Qg8 46. Qh4 Rf1+ 47. Kxf1 Qf8+ 48.
Kg2 Qf2+ 49. Kh1 Qe1+ 50. Kh2 Qe2+ 51. Kh1 Qd1+ 52. Kh2 Qc2+ 53. Kh1 Qb1+ 54.
Kh2 Qxa2+ 55. Kh1 Qb1+ 56. Kh2 Qc2+ 57. Kh1 Qc1+ 58. Kh2 Qd2+ 59. Kh1 Qd1+ 60.
Kh2 Qe2+ 1/2-1/2

[Event "Sampa Chess Open 2024"]
[Site "Sao Paulo"]
[Date "2024.02.01"]
[Round "5.4"]
[White "Batista, Renato Luiz"]
[Black "Shumyatsky, Victor"]
[Result "0-1"]
[WhiteElo "2174"]
[BlackElo "2457"]
[PlyCount "92"]
[EventDate "2024.01.29"]
[EventRounds "9"]
[EventCountry "BRA"]

1. e4 e5 2. Nf3 Nc6 3. Bb5 a6 4. Ba4 Nf6 5. O-O Be7 6. Bxc6 dxc6 7. Qe1 Be6 8.
d3 Nd7 9. Be3 $146 ({RR} 9. b3 Bg4 10. Nfd2 Bc5 11. Bb2 Qe7 12. Nc4 Be6 13.
Nbd2 Bxc4 14. bxc4 O-O 15. Nb3 Bd6 16. f4 b5 17. d4 bxc4 18. Na5 exd4 19. Nxc6
Qe6 20. Nxd4 Bc5 21. Kh1 Qb6 22. Qc3 Qb4 23. Nf5 {1/2-1/2 (23) Nezhmetdinov,
R-Levenfish,G Baku (Azerbaijan) 1951}) ({RR} 9. Qc3 Bf6 10. Nbd2 Qe7 11. b4 O-O
12. a4 Rfe8 13. Ba3 Bg4 14. Rfe1 Qd8 15. h3 Bh5 16. Bb2 Nf8 17. Qc4 Qd7 18. Re3
h6 19. Nf1 Bxf3 20. Rxf3 a5 21. Ng3 axb4 22. Nf5 Qe6 23. Qxb4 Ng6 {Rocha,S 
(2431)-Purnama,T (2286) Mallorca 2004 1/2-1/2 (62)}) ({RR} 9. b3 c5 10. Bb2 Bd6
11. Nbd2 b5 12. c3 c6 13. d4 f6 14. Rd1 Qe7 15. Qe3 O-O 16. dxe5 Nxe5 17. Nxe5
fxe5 18. c4 Rf6 19. Rc1 Raf8 20. Ba3 b4 21. Bb2 Rg6 22. Rfe1 Qh4 23. Nf1 Bg4 {
Batista,R (2140)-Maia,L (2279) Sao Bernardo do Campo 2012 0-1 (32)}) ({RR} 9.
b3 O-O 10. Bb2 Bf6 11. d4 exd4 12. e5 Be7 13. Nxd4 Nc5 14. f4 Re8 15. Nd2 Bf8
16. f5 Bc8 17. Qg3 Qd5 18. Rae1 a5 19. c4 Qd8 20. f6 g6 21. Rf4 Ne6 22. Nxe6
Bxe6 23. Ne4 a4 {Kallas,H-Runge,B Zittau 1956 0-1 (41)}) ({RR} 9. b3 c5 10. Bb2
f6 11. Nh4 g6 12. Nc3 c6 13. Ne2 Bf7 14. f4 exf4 15. Nxf4 Qc7 16. Nf3 Qxf4 17.
e5 O-O-O 18. e6 Bxe6 19. Qxe6 Qd6 20. Rae1 Rde8 21. Qf7 Kd8 22. c4 Ref8 23. Qg7
f5 {Diez del Corral,J-Unzicker,W Madrid 1957 1/2-1/2}) 9... g5 10. Qd2 f6 11.
d4 Bg4 12. Ne1 exd4 13. Bxd4 c5 14. Bc3 Bd6 15. Nd3 Ne5 16. Nxe5 fxe5 17. Qe3
Qf6 18. Nd2 b5 19. b3 O-O 20. Rfe1 Qf4 21. Nf1 Be6 22. Bd2 Rf7 23. Qg3 Qxg3 24.
Nxg3 g4 25. Be3 Kg7 26. Red1 Kg6 27. Rd2 a5 28. a4 b4 29. Rad1 Ra6 30. Kf1 Rc6
31. Nf5 Bxf5 32. exf5+ Rxf5 33. c4 bxc3 34. Rc2 e4 35. Rxc3 h5 36. g3 Kf6 37.
Ke2 Kf7 38. h3 gxh3 39. Rh1 Ke6 40. Rxh3 Rb6 41. Rh4 Kd5 42. Kd1 Rb4 43. Kc2
Be7 44. Rh1 Kc6 45. Rc4 Bf6 46. Rxb4 axb4 0-1

[Event "Sampa Chess Open 2024"]
[Site "Sao Paulo"]
[Date "2024.02.01"]
[Round "5.5"]
[White "Fernandes De Sousa, Julio Cesar"]
[Black "Matsuura, Everaldo"]
[Result "1-0"]
[WhiteElo "2162"]
[BlackElo "2410"]
[PlyCount "99"]
[EventDate "2024.01.29"]
[EventRounds "9"]
[EventCountry "BRA"]

1. e4 c5 2. Nc3 Nc6 3. g3 g6 4. Bg2 Bg7 5. d3 d6 6. Nge2 Rb8 7. O-O e6 ({RR} 
7... h5 8. h3 Bd7 9. Nd5 b5 10. c3 e6 11. Ne3 Qb6 12. b3 Nge7 13. Bb2 O-O 14.
Kh2 b4 15. Nc4 Qc7 16. cxb4 Bxb2 17. bxc5 Bxa1 18. cxd6 Qd8 19. dxe7 Qxe7 20.
Qxa1 e5 21. f4 f6 22. d4 {Tompa,J (2420)-Sunye Neto,J (2435) Luanda 1981 1-0 
(37)}) 8. Be3 ({RR} 8. a3 b5 9. Be3 b4 10. axb4 cxb4 11. Na4 Nge7 12. d4 d5 13.
e5 Ba6 14. Nc5 Bc4 15. Re1 Qb6 16. b3 Bb5 17. Bf1 Nf5 18. Nf4 Nxe3 19. fxe3
Bxe5 20. Bxb5 Qxb5 21. Nfxe6 fxe6 22. Qg4 Nd8 {Vlkova,A (1925)-Nemcova,K (1879)
Porto Carras GRE 2018 1-0 (35)}) 8... Nd4 9. Rb1 Ne7 10. b4 $146 ({RR} 10. f4
O-O 11. Bf2 Nec6 12. Nxd4 Nxd4 13. Ne2 Nxe2+ 14. Qxe2 Qc7 15. c3 b5 16. Rfc1 a5
17. a3 a4 18. d4 c4 19. d5 exd5 20. exd5 Bf5 21. Ra1 Rfe8 22. Qf3 Be4 23. Qg4
f5 24. Qh3 Qf7 {Marin Benito,C-Vila Gazquez,X Formigal 2002 0-1 (71)}) ({RR} 
10. f4 O-O 11. Qd2 Qa5 12. a3 Bd7 13. Rf2 b5 14. Nd5 Qd8 15. Nxe7+ Qxe7 16. c3
Nxe2+ 17. Rxe2 Bc6 18. Rbe1 Qb7 19. f5 exf5 20. exf5 Bxg2 21. Rxg2 a5 22. Rf2
b4 23. f6 Bh8 24. axb4 axb4 {Masters-Tang,T Vancouver 2003 1-0 (71)}) 10... O-O
11. Qd2 b6 12. h3 Bd7 13. b5 e5 14. Kh2 Be6 15. g4 Nxe2 16. Nxe2 d5 17. Ng3
dxe4 18. Nxe4 f5 19. gxf5 gxf5 20. Ng5 Bd5 21. Qe2 Bxg2 22. Kxg2 h6 23. Nf3 Ng6
24. Rg1 Qf6 25. Kh1 Rbe8 26. Rg2 Nh4 27. Nxh4 Qxh4 28. Rbg1 Re7 29. Qf3 Kh7 30.
a4 e4 31. dxe4 fxe4 32. Qg4 Qxg4 33. Rxg4 Rd8 34. a5 Rd5 35. axb6 axb6 36. Rg6
Rb7 37. Re6 Rh5 38. Kg2 Re5 39. Rd6 Bf8 40. Rc6 Ree7 41. Kf1 Rec7 42. Rgg6 Rxc6
43. Rxc6 Bg7 44. Ke2 h5 45. Bf4 Bd4 46. c4 Bc3 47. Rc7+ Rxc7 48. Bxc7 Ba5 49.
Ke3 Kg6 50. Kxe4 1-0

[Event "Sampa Chess Open 2024"]
[Site "Sao Paulo"]
[Date "2024.02.01"]
[Round "5.6"]
[White "Gemy, Jose Daniel"]
[Black "Ribeiro, Matheus Mendes Domi"]
[Result "1/2-1/2"]
[WhiteElo "2329"]
[BlackElo "2130"]
[PlyCount "160"]
[EventDate "2024.01.29"]
[EventRounds "9"]
[EventCountry "BRA"]

1. Nf3 d5 2. g3 c5 3. Bg2 Nc6 4. d4 Nf6 5. O-O e6 6. c4 dxc4 7. Na3 cxd4 8.
Nxc4 Be7 ({RR} 8... Bc5 9. a3 a5 10. Bd2 O-O 11. Rc1 Bd6 12. Nxd6 Qxd6 13. e3
e5 14. exd4 Bg4 15. h3 Bxf3 16. Bxf3 Nxd4 17. Be3 Rad8 18. Bxd4 exd4 19. Qd2
Qb6 20. b4 axb4 21. Qxb4 Qxb4 22. axb4 Rd7 23. Rc5 {Eljanov,P (2760)-Giri,A 
(2798) Wijk aan Zee 2016 1/2-1/2 (48)}) ({RR} 8... Bc5 9. a3 a5 10. Nfe5 Bd7
11. Bg5 O-O 12. Rc1 Rc8 13. Qd2 a4 14. Rfd1 b5 15. Nxc6 Bxc6 16. Bxc6 bxc4 17.
Bf3 c3 18. bxc3 Bxa3 19. Ra1 Be7 20. cxd4 a3 21. Bxf6 gxf6 22. d5 f5 23. Qe3 {
Shuvalova,P (2516)-Kiolbasa,O (2388) Europe-Echecs INT 2022 1-0 (40)}) 9. Bf4
O-O 10. Nce5 Bd7 $146 ({RR} 10... Nd5 11. Nxc6 bxc6 12. Nxd4 Bb7 13. Nb3 Nxf4
14. gxf4 Qc7 15. e3 c5 16. Bxb7 Qxb7 17. Rc1 Qa6 18. Nxc5 Bxc5 19. Rxc5 Qxa2
20. Qa1 Qxa1 21. Rxa1 Rfb8 22. Rca5 Rxb2 23. Rxa7 Rxa7 24. Rxa7 g6 25. Kg2 {
Kraus,Y (2218)-Lovin,B (2254) Tiberias 2016 1/2-1/2}) ({RR} 10... Nxe5 11. Nxe5
Nd5 12. Qxd4 Nxf4 13. Qxf4 Bf6 14. Nc4 Qe7 15. Rad1 Qc5 16. b3 a5 17. Qd6 Qh5
18. Bf3 Qf5 19. Nb6 Ra6 20. Qc7 e5 21. Bxb7 Bxb7 22. Qxb7 Rxb6 23. Qxb6 h5 24.
Qxa5 h4 25. Qd5 {Giffard,N (2405)-Neiman,E (2350) Cannes 1997 1-0 (42)}) 11.
Qb3 Qb6 12. Qxb6 axb6 13. Rfd1 Rfd8 14. Nxd4 Nxd4 15. Rxd4 Bb5 16. Rxd8+ Rxd8
17. Bxb7 Nd5 18. Bxd5 Rxd5 19. e4 Rc5 20. a4 f6 21. b4 Rc2 22. axb5 fxe5 23.
Bxe5 Rc4 24. Ra8+ Kf7 25. Ra7 Ke8 26. Bc7 Rxb4 27. Bxb6 Rxb5 28. Be3 Re5 29.
Ra4 Rb5 30. Ra8+ Kf7 31. Ra7 h6 32. Kg2 Kf6 33. Rc7 Bd8 34. Rc6 Rb4 35. Kf3 Rb3
36. h4 h5 37. g4 hxg4+ 38. Kxg4 Kf7 39. Rc8 Bf6 40. Rc7+ Kg8 41. Rc6 Kf7 42.
Rc7+ Kg8 43. Kh5 Kh7 44. Rc6 e5 45. Kg4 Rb1 46. h5 Rh1 47. h6 Kg6 48. f4 exf4
49. Bxf4 Rg1+ 50. Kf3 Rf1+ 51. Kg3 Kh7 52. e5 Bxe5 53. Bxe5 gxh6 54. Rc7+ Kg6
55. Rc6+ Kg5 56. Bd4 h5 57. Be3+ Kf5 58. Rc5+ Ke4 59. Bf2 h4+ 60. Kg2 Rb1 61.
Rc4+ Kd5 62. Rd4+ Ke5 63. Rd8 Rb2 64. Rf8 Rb4 65. Kh3 Rb7 66. Re8+ Kd5 67. Rd8+
Ke4 68. Re8+ Kf4 69. Be3+ Kf3 70. Bg5 Rg7 71. Re5 Rg8 72. Re3+ Kf2 73. Re5 Kf3
74. Ra5 Rg7 75. Ra3+ Ke4 76. Kg4 Rf7 77. Ra4+ Kd5 78. Bxh4 Rf1 79. Ra2 Rf8 80.
Bg5 Ke4 1/2-1/2

[Event "Sampa Chess Open 2024"]
[Site "Sao Paulo"]
[Date "2024.02.01"]
[Round "5.7"]
[White "Pironti, Francisco Ferrari"]
[Black "Di Berardino, Diego Rafael"]
[Result "0-1"]
[WhiteElo "1953"]
[BlackElo "2480"]
[PlyCount "68"]
[EventDate "2024.01.29"]
[EventRounds "9"]
[EventCountry "BRA"]

1. e4 c5 2. Nf3 d6 3. d4 cxd4 4. Nxd4 Nf6 5. Nc3 Nc6 6. h3 g6 7. Be3 Bg7 8. g4
O-O 9. Bg2 Nxd4 ({RR} 9... Bd7 10. O-O Ne5 11. Nde2 Bxg4 12. hxg4 Nfxg4 13. Nf4
e6 14. Nh3 Nxe3 15. fxe3 Qh4 16. Qe1 Qxe1 17. Raxe1 Nc4 18. Nd1 Rac8 19. c3 a5
20. Nf4 b5 21. Re2 b4 22. Ref2 bxc3 23. bxc3 h5 24. Bh3 {Atzl,F (2185)-Chernov,
M (2213) chess.com INT 2021 0-1 (44)}) 10. Bxd4 Qa5 11. O-O Be6 12. f4 $146 ({
RR} 12. Nd5 Bxd5 13. exd5 Nd7 14. Bxg7 Kxg7 15. Re1 Rfe8 16. Re3 Rac8 17. Qd4+
Ne5 18. Ra3 Qb5 19. Bf1 Qb6 20. Qxb6 axb6 21. c3 Rc5 22. Rb3 Rxd5 23. Rxb6 Rb8
24. a4 Nd7 25. Rb4 Ra5 26. Bb5 Nc5 {Pichot,A (2550)-Iermito,S (2492) Buenos
Aires 2016 1/2-1/2 (34)}) ({RR} 12. Re1 Rfc8 13. e5 dxe5 14. Rxe5 Qa6 15. Qe2
Qxe2 16. Rxe2 Rc4 17. Be5 Rb4 18. b3 Nd7 19. Bxg7 Kxg7 20. Rd1 Rc8 21. Nd5 Bxd5
22. Bxd5 Nf6 23. Bg2 Rc7 24. c4 a5 25. Rde1 e6 26. Rd1 a4 {Davila,C (2258)
-Alfaro,W (2162) Managua 2017 1/2-1/2}) 12... Rac8 13. Qd2 Rc4 14. f5 Nxe4 15.
Nxe4 Qxd2 16. Nxd2 Bxd4+ 17. Kh1 Rxc2 18. fxe6 Rxd2 19. exf7+ Kg7 20. Rad1 Rxd1
21. Rxd1 Bxb2 22. Bd5 Rc8 23. Bxb7 Rc2 24. Bd5 Re2 25. Bc4 Re4 26. Bd5 Re5 27.
Bb3 Ba3 28. Rd5 Re1+ 29. Kg2 Bc5 30. Rd3 e6 31. Rf3 d5 32. Ba4 Re2+ 33. Kf1
Rxa2 34. Be8 g5 0-1

[Event "Sampa Chess Open 2024"]
[Site "Sao Paulo"]
[Date "2024.02.01"]
[Round "5.8"]
[White "Awoki, Daniel Teidi"]
[Black "Dos Santos Dutra, Fernando Junior Fre"]
[Result "0-1"]
[WhiteElo "2152"]
[BlackElo "2262"]
[PlyCount "110"]
[EventDate "2024.01.29"]
[EventRounds "9"]
[EventCountry "BRA"]

1. e4 c5 2. Nf3 d6 3. d4 cxd4 4. Nxd4 Nf6 5. Nc3 a6 6. Be2 e5 7. Nb3 Be7 8. O-O
O-O 9. a4 Nc6 10. Re1 Be6 11. Bf3 Nb4 ({RR} 11... Rc8 12. Be3 Na5 13. Nd2 d5
14. exd5 Nxd5 15. Nxd5 Bxd5 16. Bxd5 Qxd5 17. Bb6 Nc4 18. Nxc4 Qxc4 19. c3 Bf6
20. Qd7 Qb3 21. a5 Qxb2 22. Qxb7 Rxc3 23. Qxa6 Rc2 24. Rab1 Qa2 25. Qb7 Re2 26.
Rf1 {Klaasen,C (2208)-Broca Jimenez,F (2075) chess.com INT 2022 0-1 (43)}) 12.
a5 b5 13. axb6 Qxb6 14. Nd2 $146 ({RR} 14. Be3 Qc7 15. Na5 Rab8 16. Re2 Ng4 17.
Bc1 Nf6 18. Nd5 Bxd5 19. exd5 Rb5 20. Nc6 Nxc6 21. dxc6 Rb6 22. c4 e4 23. Bxe4
Nxe4 24. Rxe4 Bf6 25. Qe2 Qxc6 26. Rb1 a5 27. h4 h6 28. Rg4 Re8 {Michielsen,J 
(2373)-Khismatullin,D (2614) Ohrid 2009 1/2-1/2 (53)}) 14... Rfd8 15. Nf1 Qc7
16. Ne3 Rdc8 17. Re2 Bf8 18. h3 h6 19. Ng4 Nd7 20. Ne3 Nf6 21. Bd2 Nc6 22. Be1
Nd4 23. Rd2 Qb7 24. Rxd4 exd4 25. Qxd4 Qa7 26. Qd3 Qb6 27. b3 Ra7 28. Na4 Qb5
29. c4 Qb8 30. Ba5 Rb7 31. Bd1 Nd7 32. f4 Be7 33. Rb1 Nc5 34. Nxc5 dxc5 35. f5
Bd7 36. Bc3 Qg3 37. Bf3 Bc6 38. Nf1 Qb8 39. Ba1 Rd8 40. Qc2 f6 41. Ne3 Qf4 42.
Nd5 Bxd5 43. exd5 Bd6 44. Bc3 Re8 45. Qf2 Qxf5 46. Re1 Rxe1+ 47. Qxe1 Re7 48.
Qd2 Qb1+ 49. Bd1 Qg6 50. Bg4 f5 51. Qd3 Qg5 52. Bd2 Qh4 53. g3 Bxg3 54. Qxf5
Be5 55. Bf4 Bd4+ 0-1

[Event "Sampa Chess Open 2024"]
[Site "Sao Paulo"]
[Date "2024.02.01"]
[Round "5.9"]
[White "Cueto, Jonny"]
[Black "Marra, Eduardo Da Costa"]
[Result "0-1"]
[WhiteElo "2108"]
[BlackElo "2189"]
[PlyCount "76"]
[EventDate "2024.01.29"]
[EventRounds "9"]
[EventCountry "BRA"]

1. e4 c5 2. Nf3 d6 3. c3 Nf6 4. Bd3 g6 5. O-O Bg7 ({RR} 5... Nc6 6. Bc2 Bg4 7.
h3 Bxf3 8. Qxf3 Bh6 9. b3 O-O 10. Bb2 b5 11. Rd1 e5 12. Bd3 Rb8 13. Bf1 d5 14.
exd5 e4 15. Qe2 Qxd5 16. c4 Qf5 17. Bxf6 Qxf6 18. Nc3 bxc4 19. Nxe4 Qd8 20.
Qxc4 {Bilguun,S (2497)-Al Sayed,M (2484) St Petersburg RUS 2018 1-0 (36)}) 6.
Re1 O-O 7. Bc2 Nc6 ({RR} 7... b5 8. d4 Bb7 9. Qe2 c4 10. Nbd2 Nbd7 11. Nf1 e5
12. Ng3 Qc7 13. h4 exd4 14. cxd4 Rae8 15. Qd1 Nb6 16. Bf4 Qd7 17. h5 h6 18.
hxg6 fxg6 19. e5 Nfd5 20. Bd2 Qf7 21. Ne4 Nc8 22. Nxd6 {Tokman,A (2316)
-Samarth,J (1664) chess.com INT 2021 0-1 (35)}) 8. a4 $146 ({RR} 8. d4 cxd4 9.
cxd4 Bg4 10. d5 Ne5 11. Nbd2 Rc8 12. h3 Nxf3+ 13. Nxf3 Bxf3 14. gxf3 Qd7 15.
Kg2 Nh5 16. f4 Bxb2 17. Bxb2 Nxf4+ 18. Kg3 Qxh3+ 19. Kxf4 e5+ 20. Bxe5 dxe5+
21. Kxe5 f6+ {0-1 (21) Struhar,J (2181)-Debnar,L (2316) Slovakia 2008}) ({RR} 
8. d4 cxd4 9. cxd4 Bg4 10. Be3 Nd7 11. Nc3 Bxf3 12. gxf3 Rc8 13. Ne2 Qa5 14.
Bb3 Qh5 15. Nf4 Qh4 16. Ne6 fxe6 17. Bxe6+ Kh8 18. Bxd7 Rcd8 19. Bxc6 bxc6 20.
Kh1 c5 21. Rg1 cxd4 22. Bg5 Qh3 {Rosino,A (2285)-Diehl,K (2112) Bad Homburg
2005 1/2-1/2}) ({RR} 8. d4 cxd4 9. cxd4 Bg4 10. h3 Bxf3 11. gxf3 Qc8 12. Kg2
Nxd4 13. Qxd4 Qxc2 14. Nc3 Ng4 15. Qd2 Qxd2 16. Bxd2 Nf6 17. Rac1 Rfc8 18. b3
Rc6 19. e5 dxe5 20. Rxe5 Rd8 21. Re2 e6 22. Rc2 Nd5 {Martinez Perez,C (1508)
-Martinez Colomar,A (1747) Linares 2014 0-1}) 8... a6 9. d3 Rb8 10. h3 b5 11.
axb5 axb5 12. d4 Nd7 13. d5 Nce5 14. Nh2 b4 15. b3 c4 16. f4 bxc3 17. bxc4 Nxc4
18. Na3 Ra8 19. Nf3 Qb6+ 20. Kh1 Qc5 21. Nxc4 Rxa1 22. Ne3 Ba6 23. f5 Bh6 24.
g4 Ne5 25. Kg2 Nxf3 26. Kxf3 Rb8 27. h4 Bg7 28. h5 Qd4 29. hxg6 hxg6 30. g5
Qxd1+ 31. Rxd1 Ra2 32. f6 exf6 33. gxf6 Bxf6 34. Rg1 Bd4 35. Rg2 Rbb2 36. Bxb2
cxb2 37. Nf5 Ra3+ 38. Kf4 Be5+ 0-1

[Event "Sampa Chess Open 2024"]
[Site "Sao Paulo"]
[Date "2024.02.01"]
[Round "5.10"]
[White "Perez Gormaz, Matias"]
[Black "Vargas, Gabriela"]
[Result "1/2-1/2"]
[WhiteElo "2388"]
[BlackElo "2084"]
[PlyCount "69"]
[EventDate "2024.01.29"]
[EventRounds "9"]
[EventCountry "BRA"]

1. e4 e6 2. d3 d5 3. Nd2 c5 4. Ngf3 Nc6 5. g3 Bd6 6. Bg2 Nge7 7. O-O O-O 8. Nh4
b5 9. f4 c4 ({RR} 9... f5 10. e5 Bc7 11. Ndf3 a5 12. h3 a4 13. g4 b4 14. gxf5
exf5 15. Be3 Bb6 16. Ng5 h6 17. Ngf3 Be6 18. Kh2 d4 19. Bf2 Qe8 20. Rg1 Nd5 21.
Qd2 Ba5 22. b3 Bd8 23. Bh1 axb3 24. axb3 {Plotnikov,P (2297)-Goryachkina,A 
(2610) chess.com INT 2021 1-0 (46)}) 10. Kh1 ({RR} 10. e5 Bc5+ 11. Kh1 Ba6 12.
Ndf3 b4 13. d4 Bb6 14. Rf2 c3 15. b3 Bc8 16. g4 a5 17. Be3 Ra7 18. Bh3 Kh8 19.
Qg1 f6 20. exf6 gxf6 21. g5 f5 22. Qg3 Rg8 23. Re1 Bd7 24. Rfe2 Qf8 {
Andriasian,Z (2611)-Bartel,M (2634) Moscow RUS 2019 0-1 (90)}) 10... a5 $146 ({
RR} 10... Rb8 11. Ndf3 cxd3 12. cxd3 Bc7 13. Qe2 Bb6 14. Bd2 b4 15. Rac1 Nd4
16. Nxd4 Bxd4 17. Be3 dxe4 18. dxe4 Ba6 19. Qxa6 Bxe3 20. Rcd1 Qb6 21. Qxb6
Bxb6 22. Rd7 {1/2-1/2 (22) Leconte,M (2308)-Roumegous,M (2220) Belfort 2002}) (
{RR} 10... cxd3 11. cxd3 Bb7 12. e5 Bc7 13. Nb3 Bb6 14. d4 a5 15. Be3 a4 16.
Nc5 Bxc5 17. dxc5 Qc7 18. Rc1 d4 19. Bf2 Rfd8 20. Nf3 Nf5 21. Qd3 Nb4 22. Qa3
Nc6 23. Qd3 Na5 24. b3 axb3 25. axb3 {Girinath,P (2319)-Ghaem Maghami,E (2504)
Kolkata 2001 0-1 (36)}) ({RR} 10... Ba6 11. e5 Bc5 12. Ndf3 cxd3 13. cxd3 b4
14. Qe2 Qb6 15. g4 Qb5 16. Rd1 Ng6 17. Qe1 Qb6 18. Qg3 Bf2 19. Qh3 Rae8 20.
Nxg6 fxg6 21. f5 gxf5 22. gxf5 Rxf5 23. Ng5 h6 24. Nxe6 Rxe5 25. Bxh6 {Lendwai,
R (2388)-Kekelidze,M (2484) Salzburg 2004 0-1}) 11. e5 Bc5 12. Ndf3 cxd3 13.
cxd3 Nd4 14. Nxd4 Bxd4 15. Nf3 Bb6 16. g4 d4 17. Nxd4 Qxd4 18. Bxa8 Nd5 19. Qf3
Rd8 20. Re1 Qc5 21. Bxd5 exd5 22. d4 Qb4 23. Be3 Bxd4 24. Bxd4 Qxd4 25. f5 Qb6
26. Rac1 Bb7 27. Kg2 d4 28. Re4 d3 29. Kg3 Bxe4 30. Qxe4 d2 31. Rd1 Rd4 32.
Qa8+ Rd8 33. Qe4 Rd4 34. Qa8+ Rd8 35. Qe4 1/2-1/2

[Event "Sampa Chess Open 2024"]
[Site "Sao Paulo"]
[Date "2024.02.01"]
[Round "5.11"]
[White "De Albuquerque, Ian Telek C."]
[Black "De Menezes, Ricardo Fagner Dias"]
[Result "0-1"]
[WhiteElo "2089"]
[BlackElo "1675"]
[PlyCount "82"]
[EventDate "2024.01.29"]
[EventRounds "9"]
[EventCountry "BRA"]

1. e4 {Estremera,S/Mellado,J} c6 2. d4 d5 3. e5 Bf5 4. h4 h5 5. Bg5 Qb6 6. Bd3
Bxd3 7. Qxd3 Qa6 ({RR} 7... e6 8. Nd2 Qa6 9. c4 Nd7 10. Ne2 Be7 11. Nf4 dxc4
12. Nxc4 Nb6 13. Rc1 Nxc4 14. Rxc4 g6 15. O-O) ({RR} 7... Qxb2 8. e6 Qxa1 9.
Qb3 Qxd4 10. Qxb7 fxe6 11. Be3 Qa4 12. Qxa8 Qa5+ 13. Nd2 Qd8 14. Ngf3 Nf6 15.
O-O g6 16. Rb1 Nbd7 17. Qxc6 Bg7 18. Ng5) ({RR} 7... Qxb2 8. e6 Qxa1 9. Qb3
Qxd4 10. Qxb7 fxe6 11. Be3 Qa1 12. Nf3 Nd7 13. Qxa8+ Kf7 14. O-O Ngf6 15. Ng5+
Kg6 16. Qxc6 Qe5 17. Bxa7 Qf5 18. Qxe6 Qxe6 19. Nxe6 Kf7 20. Re1 g6 21. Bd4 Bh6
22. Ng5+ {Gajdzica,M (1960)-Golis,W (1659) Poronin POL 2022 1-0 (50)}) 8. Qb3 (
{RR} 8. Qf3 e6 9. Ne2 c5 10. c3 Nc6 11. Nd2 Nge7 12. Nb3 cxd4 13. cxd4 Nf5 14.
O-O Be7 15. Bxe7 Ncxe7 16. g3 b6 17. Nf4 g6 18. Nh3 O-O 19. Qf4 Qe2 ({RR} 19...
Rac8 20. Qg5 Rc2 21. Nf4 Kh7 22. g4 hxg4 23. h5) 20. Rfd1 ({RR} 20. Rfe1 Qg4)
20... Rac8 21. Rd2 Qg4 22. Qxg4 hxg4 {Shirov,A (2709)-Anand,V (2817) Leon 2011
CBM 142 Extra [Estremera,S/Mellado,J] 0-1 (41)}) 8... Qb6 $146 ({RR} 8... e6 9.
Nd2 c5 10. c3 Nc6 11. Ne2 cxd4 12. cxd4 Bb4 13. O-O Bxd2 14. Bxd2 Nge7 15. Bg5
Nf5 16. Rfd1 Rc8 17. a3 Qb6 18. Qd3 O-O 19. b4 Rc7 20. b5 Na5 21. Ng3 Nxg3 22.
Qxg3 g6 23. Qf4 {Lekic,L (2062)-Vos,T (2012) Maribor 2012 1-0 (33)}) ({RR} 8...
e6 9. Nd2 Ne7 10. Ngf3 Nd7 11. c4 dxc4 12. Nxc4 Nd5 13. O-O N7b6 14. Ncd2 f6
15. exf6 gxf6 16. Bxf6 Nxf6 17. Qxe6+ Be7 18. Rfe1 Nbd5 19. Ng5 Rf8 20. Nde4
Kd8 21. Nxf6 Rxf6 22. Qg8+ Bf8 23. Re6 {Martinez,A (2195)-Brizzi,M (2075)
Ushuaia ARG 2018 1-0 (44)}) 9. Nf3 e6 10. Nbd2 Ne7 11. Qd3 Nf5 12. O-O a5 13.
c3 Qa6 14. c4 Bb4 15. b3 Nd7 16. a3 Bxd2 17. Nxd2 Nf8 18. Rfc1 Ng6 19. Nf3 Nh6
20. Bxh6 Rxh6 21. Rc3 Ne7 22. Rac1 Nf5 23. Qd2 Rd8 24. Qf4 Qb6 25. Rd3 Qc7 26.
Ng5 Qe7 27. Ra1 a4 28. cxd5 Rxd5 29. bxa4 Qd7 30. Nf3 Rg6 31. Rad1 c5 32. Qd2
c4 33. Rc3 Qxa4 34. Rb1 b5 35. Rb4 Qa8 36. g3 Rg4 37. Qb2 Nxd4 38. a4 Nxf3+ 39.
Rxf3 Rd1+ 40. Kg2 Rd3 41. Qe2 Re4 0-1

[Event "Sampa Chess Open 2024"]
[Site "Sao Paulo"]
[Date "2024.02.01"]
[Round "5.12"]
[White "Vargas, Goncalo Cintra"]
[Black "Passos, Marco Aurelio Novae"]
[Result "0-1"]
[WhiteElo "2041"]
[BlackElo "1671"]
[PlyCount "100"]
[EventDate "2024.01.29"]
[EventRounds "9"]
[EventCountry "BRA"]

1. Nf3 d5 2. b3 Nf6 3. Bb2 Nbd7 4. e3 e6 5. c4 c6 6. Be2 Bd6 7. Nc3 ({RR} 7.
cxd5 exd5 8. Ba3 Bxa3 9. Nxa3 O-O 10. O-O a5 11. Nc2 Nc5 12. Ncd4 Qe7 13. a3
Nce4 14. Qc2 Bg4 15. d3 Nd6 16. h3 Bh5 17. Nh4 Bxe2 18. Qxe2 Nd7 19. Nhf5 Nxf5
20. Nxf5 Qf6 21. Nd4 Nc5 {Kovacevic,B (2510)-Pavasovic,D (2593) Steinbrunn
2005 1/2-1/2}) 7... e5 $146 ({RR} 7... a6 8. d4 O-O 9. O-O Ne4 10. Nxe4 dxe4
11. Ne5 Qg5 {1/2-1/2 (11) Thoma,R (2316)-Watzka,H (2367) Austria 2001}) ({RR} 
7... a6 8. Qc2 b5 9. cxd5 cxd5 10. Rc1 Bb7 11. d4 b4 12. Na4 Rc8 13. Qb1 Rxc1+
14. Qxc1 Ne4 15. Nd2 Nxd2 16. Qxd2 O-O 17. O-O Qh4 18. g3 Qe7 19. Rc1 Rc8 20.
Rxc8+ Bxc8 21. Qc1 Bb7 22. Qf1 {Khumnorkaew,T (2029)-Nattavutthisit,K (1854)
Pattaya THA 2019 1-0 (50)}) ({RR} 7... a6 8. Rc1 O-O 9. Qc2 Qe7 10. d4 b6 11.
Bd3 Bb7 12. Ne2 e5 13. dxe5 Nxe5 14. Ng3 Bb4+ 15. Ke2 Nxd3 16. Qxd3 Rfd8 17.
Qf5 Ne8 18. Rhd1 g6 19. Qb1 Ba3 20. cxd5 Bxb2 21. Qxb2 c5 22. Qe5 {Mueller,L 
(2230)-Salanki,E (2248) Kecskemet 1999 0-1}) ({RR} 7... a6 8. d4 O-O 9. O-O Re8
10. Qc2 dxc4 11. Bxc4 c5 12. Rfd1 Qc7 13. Ne4 Nxe4 14. Qxe4 Nf6 15. Qh4 Qe7 16.
dxc5 Bxc5 17. Bd3 h6 18. Rac1 Ba3 19. Bxa3 Qxa3 20. Ne5 Qa5 21. Nc4 Qb4 22. a3
{Andres Gonzalez,A (2426)-Nogly,C (2266) Fuegen 2006 1/2-1/2 (110)}) 8. cxd5
cxd5 9. Nb5 Bb8 10. Ba3 e4 11. Nfd4 Ne5 12. f4 exf3 13. Nxf3 a6 14. Nbd4 Qa5
15. Qc2 Nxf3+ 16. Bxf3 Bxh2 17. Rxh2 Qxa3 18. g4 Qd6 19. Rg2 h6 20. Ke2 Bd7 21.
Nf5 Bxf5 22. gxf5 Ke7 23. Rxg7 Rac8 24. Qd3 Qe5 25. Rag1 h5 26. R7g2 Rh7 27. b4
b5 28. a4 Rc4 29. axb5 axb5 30. Qa3 Qc7 31. Qa8 Qd7 32. Qb8 Rc7 33. Ra1 Qc6 34.
Ra8 Nd7 35. Qd8+ Kd6 36. f6 Qc4+ 37. Ke1 Qh4+ 38. Kd1 Qxf6 39. Ra6+ Rc6 40.
Rxc6+ Kxc6 41. Qa8+ Kc7 42. Qxd5 h4 43. Bg4 Qf1+ 44. Kc2 Qc4+ 45. Qxc4+ bxc4
46. Kc3 Ne5 47. Bh3 f6 48. Rf2 Rh6 49. Rf4 Kb6 50. Rd4 Kb5 0-1